[Event "Speed Chess GP1"]
[Site "Chess.com INT"]
[Date "2021.09.18"]
[Round "7"]
[White "Pohjala, Henri"]
[Black "Vyatkin, Dmitry"]
[Result "0-1"]
[WhiteElo "2355"]
[BlackElo "2362"]
[PlyCount "64"]
[EventDate "2021.09.18"]
[EventType "swiss (blitz)"]
[EventRounds "10"]
[EventCountry "USA"]
[SourceTitle "CBM 204 Extra"]
[Source "ChessBase"]
[SourceDate "2021.11.30"]
[SourceVersion "1"]
[SourceVersionDate "2021.11.30"]
[SourceQuality "1"]

1. d4 Nf6 2. Bg5 e6 3. Nf3 d5 4. e3 Be7 5. Nbd2 0-0 6. Bd3 c5 7. c3 Nc6 8. Qe2 Qc7 9. 0-0 e5 10. dxe5 Nxe5 11. Nxe5 Qxe5 12. f4 Qc7 13. e4 dxe4 14. Nxe4 Qb6 15. Kh1 Bd7 16. Rae1 Rfe8 17. Nxf6+ Bxf6 18. Bxh7+ Kxh7 19. Qd3+ Kg8 20. Qxd7 Rxe1 21. Rxe1 Bxg5 22. fxg5 Qxb2 23. h3 Rf8 24. c4 Qc3 25. Re4 Qc1+ 26. Kh2 Qxg5 27. Qxb7 Qf5 28. Qc6 g6 29. Kg1 Kg7 30. Re3 Rd8 31. Rf3 Rd1+ 32. Kf2 Qe5 0-1